000 00490nam a2200181Ia 4500
003 GCL
008 140319s9999 xx 000 0 eng d
040 _aGCL /
_cGCL
082 0 4 _a892.76
_bE P
100 1 _aENANI, M. M.
245 1 0 _aPREFACES TO CONTEMPORARY ARABIC LITERATURE /
_cENANI, M. M.
700 1 _aFARID, M. S.
260 _a[S.N] :
_bSTATE PUBLISHING HOUSE (G.E.B.O.) ،
_c1994
300 _a293 P
650 0 4 _aCRITICISM
650 0 4 _aARABIC LITERATURE
942 _2ddc
_cBK
999 _c21443
_d21443